000 00747cam a22002533a 4500
001 22478
003 PGUSA
005 20140828083458.0
008 070831s2007||||xxu|||||s|||||000 1 eng d
040 _aPGUSA
_beng
042 _adc
050 4 _aPR
100 1 _aKeable, Robert,
_d1887-1927
245 1 4 _aThe Priest's Tale - Père Etienne :
_bFrom "The New Decameron", Volume III.
_h[electronic resource] /
_cRobert Keable
260 _bProject Gutenberg,
_c2007
506 _aPublic domain in the USA.
516 _aElectronic text
653 _aAfrica -- Fiction
653 _aMissionaries -- Fiction
653 _aShort stories
830 0 _aProject Gutenberg
_v22478
856 4 0 _uhttp://www.gutenberg.org/ebooks/22478
942 _cEB
999 _c251733
_d251733